00511nam a2200121 4500008001000000082001500010110004500025245006500070260007600135300003300211650010200244700004300346708 M986c a708bM986c aMuseo de Arte y Diseño Contemporáneo aCentroamérica y el Caribe:buna historia en blanco y negro aSan José, Costa RicabMuseo de Arte y Diseño Contemporáneo c1998 a99 p.bill (col)c21 x 20 cm xarte contemporáneoyCaribeyarte - exhibicionesyarte - exhibicionesycentroamericanaySiglo XX aPérez-Ratton, Virginia (curaduría)